| 000 | 01563nam a2200349 a 4500 | ||
|---|---|---|---|
| 001 | ebr10512171 | ||
| 003 | CaPaEBR | ||
| 006 | m u | ||
| 007 | cr cn||||||||| | ||
| 008 | 111213s2011 gw a s 001 0 eng d | ||
| 020 | _z9783110224672 | ||
| 020 | _z9783110262384 (e-book) | ||
| 040 |
_aCaPaEBR _cCaPaEBR |
||
| 035 | _a(OCoLC)769190129 | ||
| 050 | 1 | 4 |
_aBR65.L23 _bD58 2011eb |
| 100 | 0 |
_aLactantius, _dca. 240-ca. 320. |
|
| 245 | 1 | 0 |
_aDivinarum institutionum libri septem. _nFasc. 4, liber vii, _pAppendix, indices _h[electronic resource] / _cL. Caelius Firmianus Lactantius ; ediderunt, Eberhard Heck et Antonie Wlosok. |
| 260 |
_aBerolini [Berlin] : _bDe Gruyter, _c2011. |
||
| 300 |
_alxxxvi-xcviii, 581-850 p. : _bill. |
||
| 490 | 1 |
_aBibliotheca scriptorum Graecorum et Romanorum Teubneriana, _x1864-399X |
|
| 490 | 1 |
_aDivinarum institutionum libri septem ; _vFasc. 4, liber 7 |
|
| 500 | _aIncludes indexes. | ||
| 533 |
_aElectronic reproduction. _bPalo Alto, Calif. : _cebrary, _d2013. _nAvailable via World Wide Web. _nAccess may be limited to ebrary affiliated libraries. |
||
| 650 | 0 |
_aApologetics _vEarly works to 1800. |
|
| 655 | 7 |
_aElectronic books. _2local |
|
| 700 | 1 | _aHeck, Eberhard. | |
| 700 | 1 | _aWlosok, Antonie. | |
| 710 | 2 | _aebrary, Inc. | |
| 830 | 0 | _aBibliotheca scriptorum Graecorum et Romanorum Teubneriana. | |
| 830 | 0 |
_aDivinarum institutionum libri septem ; _vFasc. 4, liber 7. |
|
| 856 | 4 | 0 |
_uhttp://site.ebrary.com/lib/rucke/Doc?id=10512171 _zAn electronic book accessible through the World Wide Web; click to view |
| 999 |
_c223088 _d223088 |
||